| 000 | 00356nam a22001457a 4500 | ||
|---|---|---|---|
| 020 | _qPB. | ||
| 040 | _cFIZZA ISHAQ | ||
| 082 |
_a004.22 _bJOH |
||
| 100 |
_aPATTERSON,A DAVID L.JOHN. _989417 |
||
| 245 |
_aCOMPUTER ARCHITECTURE / _cJOHN L.DAVID A.PATTERSON. |
||
| 250 | _a6th ED. | ||
| 260 |
_aNEW YORK ; _c2019. |
||
| 300 | _a537 P. ; | ||
| 942 |
_2ddc _cBK |
||
| 999 |
_c588162 _d588162 |
||